Seasonal changes in steroid metabolism in the male reproductive organ-system of the African catfish, Clarias gariepinus
Guardado en:
| Formato: | Libro |
|---|---|
| Lenguaje: | Undetermined |
| Publicado: |
Netherlands
Elsevier Science Publishers B. V.
1987
|
| Materias: | |
| Etiquetas: |
Agregar Etiqueta
Sin Etiquetas, Sea el primero en etiquetar este registro!
|
| Thư viện lưu trữ: | Trung tâm Học liệu Trường Đại học Cần Thơ |
|---|
| LEADER | 00603nam a2200169Ia 4500 | ||
|---|---|---|---|
| 001 | CTU_150619 | ||
| 008 | 210402s9999 xx 000 0 und d | ||
| 082 | |a 639.3749 | ||
| 082 | |b S439 | ||
| 245 | 0 | |a Seasonal changes in steroid metabolism in the male reproductive organ-system of the African catfish, Clarias gariepinus | |
| 245 | 0 | |c J. W. Resink ...[et al.] | |
| 260 | |a Netherlands | ||
| 260 | |b Elsevier Science Publishers B. V. | ||
| 260 | |c 1987 | ||
| 650 | |a Fishery scientists,Nghiên cứu nghề cá | ||
| 904 | |i Trọng Hải | ||
| 980 | |a Trung tâm Học liệu Trường Đại học Cần Thơ | ||